The Military regimes of Panama /
Uloženo v:
| Hlavní autor: | |
|---|---|
| Médium: | Text |
| Témata: | |
| Tagy: |
Přidat tag
Žádné tagy, Buďte první, kdo vytvoří štítek k tomuto záznamu!
|
MARC
| LEADER | 00000 a a2200000 04500 | ||
|---|---|---|---|
| 001 | 8937 | ||
| 003 | |||
| 040 | |||
| 100 | |a Gandásegui H, Marco A. | ||
| 245 | |a The Military regimes of Panama / |c Marco A. Gandásegui H | ||
| 650 | |a POLITICA | ||
| 650 | |a FUERZAS ARMADAS | ||
| 650 | |a MILITARISMO | ||
| 650 | |a ZONA DEL CANAL DE PANAMA | ||
| 650 | |a GOBIERNO | ||
| 650 | |a ELECCIONES | ||
| 650 | |a ANALISIS HISTORICO | ||
| 773 | |g volumen 35, número 3; páginas 1-17 | ||
| 999 | |c 30322 |d 30322 | ||
